000 nam a22 a 4500
999 _c170025
_d170025
003 BLK
005 20220122145115.0
008 180411b bul|||||r ||||||| ||bul||
010 _aKNG00178111000
040 _aBLK
041 _aBUL
_cBUL
080 _aИспанска литература
_b821.134.2
_x-31
_z821.134.2-31
100 1 _aЛопес Салинас, Армандо
_eпърви автор
_9338401
139 _aЛопес Салинас, Армандо
_bЛ 82
245 1 0 _aМината
_bРоман
_cАрмандо Лопес Салинас; прев. от исп. Тодор Петров Нейков.
257 _aSPA
260 _aСофия
_bНар. младеж
_c1962
300 _a196 с.
_c25 см
380 _aX
490 _aПоредица Младежка книга - Меридиани
_v1962, №9
_9205132
700 1 _aНейков, Тодор Петров
_eпрев. от исп.
_9365097
852 _aЦб 23125
_bЦб
856 4 _qpdf
856 4 _qpdf
942 _cKNG
_n0
_s1
944 _aCR
_c13.07.2015
_kТеодора_Стоянова
944 _aED
_c20.09.2017
_kВася_Ганчева
999 _d170025